000 00913nam a2200265 i 4500
003 DO-SdBNP
005 20240223134239.0
007 ta
008 240223s1999 dr a 000 j spa d
040 _aDO-SdBNP
_bspa
_cBNPHU
_erda
082 _bH557u
_222
100 _aHernández Tejada, Margarita
_950027
245 1 0 _aUrbanidad :
_bvalores humanos y civismo /
_cMargarita Hernández Tejada, José Miguel Simón Consuegra ; ilustraciones Stalin Núñez
264 1 _aSanto Domingo :
_bSusaeta,
_c1999.
300 _a107 páginas,
_bilustraciones.
_c27 cm.
336 _2rdacontent
_atexto
_btxt
337 _2rdamedia
_asin mediación
_bn
338 _2rdacarrier
_avolumen
_bnc
504 _aBibliografía p: 107
590 _aInventariado, 2024/ YL
700 1 _aSimón Consuegra, José Miguel
_eautor
_951487
700 1 _aNúñez, Stalin
_eilustraciones
_931177
910 _aYLockward
942 _2ddc
_cLBS1
999 _c56000
_d56000